Quelle économie pour le XXIe siècle ? (notice n° 1513074)
[ vue normale ]
| 000 -LEADER | |
|---|---|
| fixed length control field | 01262cam a2200133 4500500 |
| 005 - DATE AND TIME OF LATEST TRANSACTION | |
| control field | 20251012002301.0 |
| 041 ## - LANGUAGE CODE | |
| Language code of text/sound track or separate title | fre |
| 042 ## - AUTHENTICATION CODE | |
| Authentication code | dc |
| 100 10 - MAIN ENTRY--PERSONAL NAME | |
| Personal name | Sapir, Jacques |
| Relator term | author |
| 245 00 - TITLE STATEMENT | |
| Title | Quelle économie pour le XXIe siècle ? |
| 260 ## - PUBLICATION, DISTRIBUTION, ETC. | |
| Name of publisher, distributor, etc. | Odile Jacob,<br/> |
| Date of publication, distribution, etc. | 2005.<br/> |
| 520 ## - SUMMARY, ETC. | |
| Summary, etc. | L’économie n’est-elle que jeu d’intérêts particuliers ? La globalisation met-elle fin au rôle de l’État ? Les privatisations sont-elles un simple retour à la normale ? La dérégulation est-elle un impératif qui ne se discute pas ? Les délocalisations sont-elles un mal inéluctable ? Jacques Sapir plaide pour une conception de l’économie où les institutions (État, associations, syndicats, presse, entreprises, etc.) seraient des tuteurs de comportement la régulant et la maintenant sur le sentier de la croissance. La liberté des agents économiques est inconcevable sans institutions régulatrices !Jacques Sapir, économiste, est directeur d’études à l’École des hautes études en sciences sociales. Il a publié dernièrement Les Trous noirs de la science économique et Les Économistes contre la démocratie. |
| 856 41 - ELECTRONIC LOCATION AND ACCESS | |
| Uniform Resource Identifier | <a href="https://shs.cairn.info/quelle-economie-pour-le-xxie-siecle--9782738116499?lang=fr&redirect-ssocas=7080">https://shs.cairn.info/quelle-economie-pour-le-xxie-siecle--9782738116499?lang=fr&redirect-ssocas=7080</a> |
Pas d'exemplaire disponible.




Réseaux sociaux